000 01053 a2200229 4500
999 _c3454
_d3454
020 _a9780415535281 (hardback : alk. paper)
020 _a9780415535304 (pbk. : alk. paper)
050 0 0 _aPN2193 CON 2013
100 _aRadosavljevic, Duska
_eeditor
245 0 4 _aThe contemporary ensemble :
_binterviews with theatre-makers /
_c
264 1 _aLondon ;
_aNew York :
_bRoutledge,
_c2013.
300 _axii, 284 p. ;
500 _aIncludes index
504 _aIncludes bibliographical references
650 0 _aEnsemble theater
_xHistory
650 0 _aTheater audiences
_xHistory
650 0 _aTheatrical producers and directors
650 0 _aActors
700 1 _a
_eeditor of compilation.
942 _2lcc
_cBK
_h2193
_iCON
_kPN